Города по Фото — Х - Statistics

General Stats
  • This quiz has been taken 24 times
  • The average score is 4 of 12
Answer Stats
Picture Hint Answer % Correct
Хельсинки
81%
Хабаровск
69%
Хьюстон
69%
Ханой
56%
Хиросима
44%
Хургада
25%
Ханты-Мансийск
25%
Хошимин
19%
Харбин
19%
Хайдарабад
13%
Хайфа
13%
Хойан
0%
No matching quizzes found
Score Distribution
Percent of People with Each Score
Percentile by Number Answered
Your Score History
You have not taken this quiz